Najlepsi strzelcy w historii La Liga - Statystyki

Ogólne statystyki
  • Ten quiz został rozwiązany 133 razy
  • Średni wynik to 3 z 15
Statystyki odpowiedzi
liczba bramek zawodnik % Poprawnych
438 Lionel Messi
97%
311 Cristiano Ronaldo
92%
229 Raul
24%
162 Karim Benzema
11%
234 Hugo Sanchez
8%
250 Telmo Zarra
8%
185 David Villa
5%
162 Samuel Eto'o
3%
221 Cesar Rodriguez
2%
156 Ferenc Puskas
2%
196 Mundo
1%
214 Pahino
1%
219 Quini
1%
227 Alfreo di Stefano
0%
158 Aritz Aduriz
0%
Nie znaleziono quizów pasujących do podanych kryteriów
Rozkład punktacji
Procent ludzi z każdym wynikiem
Percentyl według liczby udzielonych odpowiedzi
Twoja historia wyników
Nie rozwiązałeś tego quizu